000 00476nam a2200169Ia 4500
003 LK-CoDNM
008 010623t xxu||||| |||| 00| 1 sin d
040 _aLK-CoDNM
_dLK-CoDNM
_eLK-CoDNM
041 _asin
080 _a294.3 JAY
100 _aJayathilake,K.
245 _aබුද්ධ චරිතයෙන් බුද්ධ චරිතයට
246 _aBuddha Charitayen Buddha Charitayata
260 _bPradeepa
_aColombo
300 _b265p., 21 cm
942 _cBK
999 _c139830
_d139830